Normal view MARC view
  • Corporations

Entry Topical Term

Number of records used in: 4

001 - CONTROL NUMBER

  • control field: 1513

003 - CONTROL NUMBER IDENTIFIER

  • control field: NUST

005 - DATE AND TIME OF LATEST TRANSACTION

  • control field: 20170529123551.0

008 - FIXED-LENGTH DATA ELEMENTS

  • fixed length control field: 170529|| aca||aabn | a|a d

040 ## - CATALOGING SOURCE

  • Original cataloging agency: NUST
  • Transcribing agency: NUST

150 ## - HEADING--TOPICAL TERM

  • Topical term or geographic name entry element: Corporations
  • General subdivision: IME, MIS

670 ## - SOURCE DATA FOUND

  • Source citation: Work cat.: (NUST)24346: Eugene F. Brigham 1930- 1511, Financial management :, c2005.
© 2023 Central Library, National University of Sciences and Technology. All Rights Reserved.